Effectif professionnel du RC Strasbourg (2025/2026) - Statistiques

Statistiques générales
  • Ce quiz a été pris 46 fois
  • Le résultat moyen est 17 sur 25
Statistiques - réponses
Numéro Nationalité Poste Joueur % Correct
9 Argentine AC Joaquín Panichelli
94%
39 Belgique GdB Mike Penders
88%
32 Argentine MC Valentín Barco
88%
7 Belgique MG Diego Moreira
85%
11 Suède MG Sebastian Nanasi
85%
10 Pays-Bas AC Emmanuel Emegha
82%
19 Paraguay MO Julio Enciso
82%
29 Maroc MC Samir El Mourabet
82%
3 Angleterre DG Ben Chilwell
79%
20 Côte d'Ivoire AG Martial Godo
79%
6 France DC Ismaël Doukouré
76%
22 Côte d'Ivoire DD Guéla Doué
76%
2 Irlande DC Andrew Omobamidele
74%
80 Maroc AD Gessime Yassine
71%
24 Danemark DC Lucas Høgsberg
68%
1 Suède GdB Karl-Johan Johnsson
65%
27 Angleterre AD Samuel Amo-Ameyaw
65%
15 Côte d'Ivoire AC David Datro Fofana
56%
8 Pologne MDC Maxi Oyedele
56%
42 Côte d'Ivoire AD Abdoul Ouattara
53%
83 Portugal MDC Rafael Luís
53%
5 Argentine DC Aarón Anselmino
47%
17 France MC Mathis Amougou
47%
18 France MDC Junior Mwanga
41%
50 Serbie GdB Stefan Bajic
38%
Aucun quiz correspondant
Distribution des résultats
% des personnes avec chaque résultat
Percentile par nombre de réponses
Votre historique - résultats
Vous n’avez pas pris ce quiz